US Presidents by last words - Statistics

General Stats
  • This quiz has been taken 334 times
    267 since last reset
  • The average score is 8 of 34
Answer Stats
Last words President % Correct
"Thomas Jefferson survives." John Adams
84%
"I have a terrific headache." Franklin D. Roosevelt
44%
"Bathtubs are a menace to ex-presidents for as you may recall a bathtub rose up and fractured my vertebrae when I was in Venezuela on your world famine mission in 1946. My warmest sympathy and best wishes for your speedy recovery." Herbert Hoover
38%
" 'Tis Well." George Washington
35%
"I know I am going where Lucy is." Rutherford B. Hayes
33%
"Are the doctors here? Doctor, my lungs..." Benjamin Harrison
32%
"No, you certainly can't." John F. Kennedy
31%
"She won't think anything about it." Abraham Lincoln
28%
"Swaim, can't you stop the pain?" James A. Garfield
28%
"I love you, Sarah. For all eternity, I love you." James K. Polk
27%
"Water." Ulysses S. Grant
27%
"I love you too." George H. W. Bush
26%
"Help." Richard Nixon
26%
"Please put out the light." Theodore Roosevelt
26%
"I regret that I should leave this world without again beholding him." James Monroe
22%
"Send Mike immediately." Lyndon B. Johnson
22%
"Nothing more than a change of mind, my dear." James Madison
20%
"No, doctor, nothing more" Thomas Jefferson
20%
"I understand the true principles of the government. I wish them carried out. I ask nothing more." William Henry Harrison
20%
"I hope to meet each of you in heaven. Be good, children, all of you, and strive to be ready when the change comes." Andrew Jackson
19%
"This is the last of earth. I am content." John Quincy Adams
19%
"My right side is paralyzed. I need no doctor. I can overcome my own troubles." Andrew Johnson
15%
"Good morning, Robert." Calvin Coolidge
15%
"I want to go. God take me." Dwight D. Eisenhower
15%
"The nourishment is palatable." Millard Fillmore
15%
"That’s good. Go on, read some more." Warren G. Harding
15%
"When the machinery is broken... I am ready." Woodrow Wilson
15%
"I regret nothing, but I am sorry to leave my friends." Zachary Taylor
15%
"I have tried so hard to do right." Grover Cleveland
14%
"Oh, Lord God Almighty, as thou wilt!" James Buchanan
14%
"Goodbye, all, goodbye. It is God’s way. His will be done." William McKinley
14%
"Perhaps it is best." John Tyler
13%
"There is but one reliance." Martin Van Buren
12%
"Life is not worth living." Chester A. Arthur
9%
No matching quizzes found
Score Distribution
Percent of People with Each Score
Percentile by Number Answered
Your Score History
You have not taken this quiz since the last reset